On landed property and the economy of estates (Record no. 114020)

MARC details
000 -LEADER
fixed length control field 00677cam a22001815a 4500
001 - CONTROL NUMBER
control field L156084
008 - FIXED-LENGTH DATA ELEMENTS--GENERAL INFORMATION
fixed length control field 120430s1844 xxk f 000 0 eng d
035 ## - SYSTEM CONTROL NUMBER
System control number (Sirsi) u156084
041 0# - LANGUAGE CODE
Language code of text/sound track or separate title eng
100 1# - MAIN ENTRY--PERSONAL NAME
Personal name Low, David
Dates associated with a name 1786-1859
245 00 - TITLE STATEMENT
Title On landed property and the economy of estates
Remainder of title comprehending the relation of landlord and tenant, and the principles and forms of leases ...
260 ## - PUBLICATION, DISTRIBUTION, ETC.
Place of publication, distribution, etc. London
Name of publisher, distributor, etc. Longman, Brown, Green, & Longmans
Date of publication, distribution, etc. MDCCCXLIV [1844]
300 ## - PHYSICAL DESCRIPTION
Extent xii, 680, [2], 32 p.
Other physical details illus., engr. figs
Dimensions 8vo.
583 ## - ACTION NOTE
Action Condition reviewed
Time/date of action 20120620
Status condition level 1
651 #4 - SUBJECT ADDED ENTRY--GEOGRAPHIC NAME
Geographic name Great Britain
Chronological subdivision 1707-
690 ## - LOCAL SUBJECT ADDED ENTRY--TOPICAL TERM (OCLC, RLIN)
Topical term or geographic name as entry element Landlord and tenant
9 (RLIN) 6252
942 ## - ADDED ENTRY ELEMENTS (KOHA)
Suppress in OPAC 0
Holdings
Withdrawn status Lost status Damaged status Not for loan Home library Current library Shelving location Date acquired Total Checkouts Full call number Barcode Date last seen Copy number Price effective from Koha item type
        Historic collection Historic collection Historic collection 30/04/2012   LANDOWNING & ESTATE MANAGEMENT QUARTO 1844 LOW 30077965 26/08/2025 1 06/08/2019 Book